Józef Keller
| Titel: | Józef Keller : ksiądz, profesor, donosiciel, apostata, marksistowski religionawca : przypadek tajnego współpracownika ps. "Ostrożny", "Adam Piotrowski" |
|---|---|
| Beteiligt: | ; |
| Veröffentlicht: | Warszawa : Instytut Pamięci Narodowej - Komisja Ścigania Zbrodni przeciwko Narodowi Polskiemu. Oddział, 2024 |
| Umfang: | 503 Seiten |
| Format: | Buch |
| Sprache: | Polnisch |
| ISBN: | 9788383760896 |
| Hinweise zum Inhalt: |
Inhaltsverzeichnis
|
alg: 52497863 001A $03004:02-01-25 001B $01999:25-03-25 $t20:13:57.000 001D $01999:28-01-25 001U $0utf8 001X $00 002@ $0Aay 002C $aText $btxt $2rdacontent 002D $aohne Hilfsmittel zu benutzen $bn $2rdamedia 002E $aBand $bnc $2rdacarrier 003@ $0524978638 004A $A978-83-8376-089-6 007A $0524978638 $aHEB 007G $0DE02084C9B26759A9DC9AC1258C3600422210 009P $qapplication/pdf $A2 $3Inhaltsverzeichnis $uhttp://scans.hebis.de/HEBCGI/show.pl?52497863_toc.pdf $mV:DE-603;B:DE-Mb50 010@ $apol 010E $erda 011@ $a2024 013D $RQuellenforschung $#History -- Sources $#Histoire -- Sources $#Akten Formschlagwort $#Augenzeugenbericht Formschlagwort $#Texte Formschlagwort $#Historische Quelle $#Geschichtsquelle $#Quellensammlung $#Quellen $74135952-5 $8Quelle [Ts1] $9085503576 021A $aJózef Keller $dksiądz, profesor, donosiciel, apostata, marksistowski religionawca : przypadek tajnego współpracownika ps. "Ostrożny", "Adam Piotrowski" 028C $BHerausgeber $4edt $71125732334 $8Łatka, Rafał$Z1985- [Tp3] $9399761802 028C $BHerausgeber $4edt $7139531777 $8Pleskot, Patryk$Z1980- [Tp3] $921710343X 033A $pWarszawa $nInstytut Pamięci Narodowej - Komisja Ścigania Zbrodni przeciwko Narodowi Polskiemu. Oddział 034D $a503 Seiten 037A $aLiteraturverzeichnis Seite 479-[487] 044K $71035742691 $8Keller, Józef$Z1911-2002 [Tp1] $9322649773 045F $a200.94380904 $eDDC23BSB 045F/01 $a200.9 045F/03 $f0904 045F/03 $f0905 045F/03 $g438 lok: 52497863 24 exp: 52497863 24 1 #EPN 201B/01 $028-01-25 $t09:10:30.000 201C/01 $002-01-25 201U/01 $0utf8 203@/01 $01287244858 208@/01 $a28-01-25 $bz 209A/01 $a25.00006 $du $f050 $h25 00006 $x00 209C/01 $a25.00006 K $h25 00006 K 209G/01 $a74944752 $x00 220C/01 $ahae 247C/01 $8358050-7Marburg, Bibliothek des Herder-Instituts Marburg $9102600961
| LEADER | 00000cam a22000002c 4500 | ||
|---|---|---|---|
| 001 | 524978638 | ||
| 003 | DE-603 | ||
| 005 | 20250325201357.0 | ||
| 007 | tu | ||
| 008 | 250102s2024 xx |||| | u00||u|pol c | ||
| 020 | |a 9788383760896 | ||
| 035 | |a (DE-599)HEB524978638 | ||
| 040 | |a DE-603 |b ger |c DE-603 |d DE-603 |e rda | ||
| 041 | |a pol | ||
| 082 | 0 | 4 | |8 1\u |a 200.94380904 |q DE-101 |2 23/BSB |
| 085 | |8 1\u |b 200.9 | ||
| 085 | |8 1\u |z 1 |s 0904 | ||
| 085 | |8 1\u |z 1 |s 0905 | ||
| 085 | |8 1\u |z 2 |s 438 | ||
| 245 | 0 | 0 | |a Józef Keller |b ksiądz, profesor, donosiciel, apostata, marksistowski religionawca : przypadek tajnego współpracownika ps. "Ostrożny", "Adam Piotrowski" |
| 264 | 1 | |a Warszawa |b Instytut Pamięci Narodowej - Komisja Ścigania Zbrodni przeciwko Narodowi Polskiemu. Oddział |c 2024 | |
| 300 | |a 503 Seiten | ||
| 336 | |a Text |b txt |2 rdacontent | ||
| 337 | |a ohne Hilfsmittel zu benutzen |b n |2 rdamedia | ||
| 338 | |a Band |b nc |2 rdacarrier | ||
| 500 | |a Literaturverzeichnis Seite 479-[487] | ||
| 600 | 1 | 7 | |a Keller, Józef |d 1911-2002 |0 (DE-588)1035742691 |0 (DE-603)322649773 |2 gnd |
| 655 | 7 | |a Quelle |2 gnd-content |0 (DE-588)4135952-5 |0 (DE-603)085503576 | |
| 700 | 1 | |a Łatka, Rafał |d 1985- |e Herausgeber |4 edt |0 (DE-603)399761802 |0 (DE-588)1125732334 |2 gnd | |
| 700 | 1 | |a Pleskot, Patryk |d 1980- |e Herausgeber |4 edt |0 (DE-603)21710343X |0 (DE-588)139531777 |2 gnd | |
| 856 | 4 | 2 | |m V:DE-603;B:DE-Mb50 |q application/pdf |u http://scans.hebis.de/HEBCGI/show.pl?52497863_toc.pdf |3 Inhaltsverzeichnis |
| 924 | 0 | |9 Mb 50 |a (DE-603)1287244858 |b DE-Mb50 |c HES |d c |g 25.00006 | |


